书目信息 |
| 题名: |
市场经济案例评析
|
|
| 作者: | 韩刚 主编 | |
| 分册: | ||
| 出版信息: | 北京 中国人民大学出版社 2004 |
|
| 页数: | 317页 | |
| 开本: | 23cm | |
| 丛书名: | ||
| 单 册: | ||
| 中图分类: | F014.3 | |
| 科图分类: | ||
| 主题词: | 市场经济--案例--分析--中国--教材 , 市场经济 | |
| 电子资源: | ||
| ISBN: | 7-300-06170-2 | |
| 000 | 00972nam0 2200265 450 | |
| 000 | 00987nam0 2200265 450 | |
| 000 | 00918nam0 2200241 450 | |
| 000 | 00882oam2 2200229 45 | |
| 005 | 20070724104503.09 | |
| 010 | @a7-300-06170-2@dCNY28.00 | |
| 100 | @a20070714d2004 em y0chiy0120 ea | |
| 101 | 0 | @achi |
| 102 | @aCN@b110000 | |
| 105 | @ay z 000yy | |
| 200 | 1 | @a市场经济案例评析@AShi Chang Jing Ji An Li Ping Xi@f韩刚主编@FHan Gang Zhu Bian |
| 210 | @a北京@c中国人民大学出版社@d2004 | |
| 215 | @a317页@d23cm | |
| 300 | @a新世纪新概念经济管理类系列教材 | |
| 330 | @a全书分5篇:宏观经济运行与调控、政府管理与公共产品供给、市场竞争与市场垄断、市场秩序与经济信用、市场改革与制度变迁。本书内容安排上采取“问题导向”原则,即以问题为逻辑线索进行案例分析。 | |
| 606 | 0 | @a市场经济@x案例@x分析@y中国@j教材 |
| 606 | 0 | @a市场经济 |
| 690 | @aF014.3@v4 | |
| 701 | 0 | @a韩刚@AHan Gang@c(经济学)@4主编 |
| 801 | 0 | @aCN@bTAOJIN@c20070724 |
| 905 | @a10447@dF014.3@e326 | |
| 市场经济案例评析/韩刚主编.-北京:中国人民大学出版社,2004 |
| 317页;23cm |
| 新世纪新概念经济管理类系列教材 |
| ISBN 7-300-06170-2:CNY28.00 |
| 全书分5篇:宏观经济运行与调控、政府管理与公共产品供给、市场竞争与市场垄断、市场秩序与经济信用、市场改革与制度变迁。本书内容安排上采取“问题导向”原则,即以问题为逻辑线索进行案例分析。 |
| ● |
| 相关链接 |
|
|
|
|
正题名:市场经济案例评析
索取号:F014.3/326
 
预约/预借
| 序号 | 登录号 | 条形码 | 馆藏地/架位号 | 状态 | 备注 |
| 1 | 0824466 | 208244666 | 第一样本阅览室/ [索取号:F014.3/326] | 在馆 | |
| 2 | 0824467 | 208244675 | 第一借阅区/ [索取号:F014.3/326] | 在馆 | |
| 3 | 0824468 | 208244684 | 第一借阅区/ [索取号:F014.3/326] | 在馆 | |
| 4 | 0824469 | 208244693 | 第一借阅区/ [索取号:F014.3/326] | 在馆 | |
| 5 | 0824470 | 208244700 | 第一借阅区/ [索取号:F014.3/326] | 在馆 | |
| 6 | 0824471 | 208244719 | 第一借阅区/ [索取号:F014.3/326] | 在馆 | |
| 7 | 0824472 | 208244728 | 第一借阅区/ [索取号:F014.3/326] | 在馆 | |
| 8 | 0824473 | 208244737 | 第一借阅区/ [索取号:F014.3/326] | 在馆 |